| 000 | 01445cam a22001934a 4500 | ||
|---|---|---|---|
| 005 | 20250605164144.0 | ||
| 008 | 250528s ||||||||||||||||||||||||d | ||
| 035 | _a19077 | ||
| 020 | _a960010641 | ||
| 040 |
_aGR-AtMCL _bgre _dGR-AtMCL _eAACR2 |
||
| 245 | 1 | _aΓη, Ένας Μικρός και Εύθραυστος Πλανήτης | |
| 260 |
_bGutenberg, _c1998 |
||
| 300 | _a600 | ||
| 520 | _aΤο βιβλίο αυτό είναι ένα πολύ σημαντικό ''εργαλείο'' γι'αυτούς που θέλουν να έχουν μια συνολική άποψη για τα περιβαλλοντικά προβλήματα του σήμερα. Πρόλογος, Εισαγωγή, Τα Φυσικά Οικοσυστήματα, Ο Υπερπληθυσμός, Οι Φυσικοί Πόροι, Ορυκτά Καύσιμα και Ενέργεια και Ορυκτές Πρώτες Ύλες, Τα Δάση και οι Υγρότοποι, Η Άγρια Ζωή, Το Νερό, Το Έδαφος, Η Τροφή και η Παραγωγή της, Η Ρύπανση, Η Ατμόσφαιρα, Η Υδρόσφαιρα, Τα Στερεά Απόβλητα, Η Ηχορύπανση, Βιβλιογραφία, Ευρετήριο Ελληνικών Όρων - Ξενικών Όρων - Πινάκων - Σχημάτων. | ||
| 700 | 1 |
_aΓεωργόπουλος Αλεξάνδρος _95337 |
|
| 942 | _cBK | ||
| 999 |
_c4360 _d4360 |
||